[Event "IECC Swiss-563.1"]
[Site "IECC email"]
[Date "2012.07.22"]
[Round "?"]
[White "Chu, Joel P"]
[Black "Philips, Justin"]
[Result "0-1"]
[WhiteElo "2096"]
[BlackElo "1702"]
[PlyCount "40"]
[EventDate "2012.??.??"]
[EventType "swiss (corr)"]
[EventRounds "1"]
[SourceTitle "Telechess CBM 165"]
[Source "ChessBase"]
[SourceDate "2015.03.11"]
[SourceVersion "1"]
[SourceVersionDate "2015.03.11"]
[SourceQuality "1"]
[WhiteTeam "US of America"]
[BlackTeam "India"]
[WhiteTeamCountry "USA"]
[BlackTeamCountry "IND"]

1. d4 d5 2. c4 e6 3. a3 c5 4. e3 Nf6 5. Nf3 Be7 6. Bd3 dxc4 7. Bxc4 Qc7 8. Bd3 0-0 9. b3 Nc6 10. Bb2 cxd4 11. exd4 a6 12. Nbd2 Nd5 13. 0-0 b5 14. Rc1 Bb7 15. Ne4 Rac8 16. Nfg5 Nf4 17. Nxh7 Rfd8 18. Neg5 Rd5 19. h4 Nxd3 20. Qxd3 Qf4 0-1

[Event "IECG CM.2003.0.00210 email"]
[Site "IECG email"]
[Date "2003.02.04"]
[Round "?"]
[White "Chu, Joel P"]
[Black "Massimini Gerbino, Massimiliano"]
[Result "0-1"]
[WhiteElo "2200"]
[BlackElo "2301"]
[PlyCount "50"]
[EventDate "2003.02.04"]
[EventType "tourn (corr)"]
[EventRounds "6"]
[SourceTitle "Corr 2008"]
[Source "ChessBase"]
[SourceDate "2008.06.24"]
[SourceVersion "1"]
[SourceVersionDate "2008.06.24"]
[SourceQuality "1"]

1. c4 Nf6 2. Nc3 e5 3. a3 Nc6 4. b4 d5 5. cxd5 Nxd5 6. Bb2 Be6 7. Rc1 Nxc3 8. Rxc3 Bd6 9. b5 Ne7 10. e4 c5 11. bxc6 Nxc6 12. Bb5 Qb6 13. Bxc6+ bxc6 14. Qc2 Rb8 15. Bc1 Bb3 16. Qd3 Bc5 17. Qg3 0-0 18. Nf3 Bd4 19. Nxd4 exd4 20. Rf3 f5 21. e5 Bd5 22. Rf4 Bc4 23. d3 Qa5+ 24. Kd1 Bb3+ 25. Ke2 Qxe5+ 0-1

[Event "IECG CM.2003.0.00210 email"]
[Site "IECG email"]
[Date "2003.02.04"]
[Round "?"]
[White "Chu, Joel P"]
[Black "Toh, Terry"]
[Result "1-0"]
[WhiteElo "2200"]
[BlackElo "2380"]
[PlyCount "21"]
[EventDate "2003.02.04"]
[EventType "tourn (corr)"]
[EventRounds "6"]
[SourceTitle "Corr 2008"]
[Source "ChessBase"]
[SourceDate "2008.06.24"]
[SourceVersion "1"]
[SourceVersionDate "2008.06.24"]
[SourceQuality "1"]

1. c4 Nf6 2. Nc3 g6 3. d4 Bg7 4. e4 d6 5. Bd3 Nc6 6. d5 Ne5 7. Be2 0-0 8. Bf4 c6 9. Qd2 cxd5 10. cxd5 Qa5 11. h4 1-0

[Event "IECG CM.2003.0.00210 email"]
[Site "IECG email"]
[Date "2003.02.04"]
[Round "?"]
[White "Henris, Luc"]
[Black "Chu, Joel P"]
[Result "1-0"]
[WhiteElo "2302"]
[BlackElo "2200"]
[PlyCount "41"]
[EventDate "2003.02.04"]
[EventType "tourn (corr)"]
[EventRounds "6"]
[SourceTitle "Corr 2008"]
[Source "ChessBase"]
[SourceDate "2008.06.24"]
[SourceVersion "1"]
[SourceVersionDate "2008.06.24"]
[SourceQuality "1"]

1. e4 c5 2. c3 e6 3. d4 cxd4 4. cxd4 d5 5. e5 Qb6 6. Nf3 Bd7 7. Nc3 Nc6 8. Be2 Nge7 9. 0-0 Nf5 10. Na4 Qd8 11. Bf4 Be7 12. Rc1 g5 13. Be3 g4 14. Ne1 h5 15. Nc5 Nxe3 16. fxe3 Bxc5 17. Rxc5 Qg5 18. Qb3 f5 19. exf6 b6 20. f7+ Kf8 21. Rc3 1-0

[Event "SEMI A021 email"]
[Site "SEMI email"]
[Date "2001.05.15"]
[Round "?"]
[White "Beninsky, Svejen"]
[Black "Chu, Joel P"]
[Result "1-0"]
[WhiteElo "1845"]
[BlackElo "2131"]
[PlyCount "59"]
[EventDate "2001.05.15"]
[EventType "tourn (corr)"]
[EventRounds "7"]
[EventCountry "ITA"]
[SourceTitle "Corr 2004"]
[Source "ChessBase"]
[SourceDate "2003.04.28"]
[SourceVersion "3"]
[SourceVersionDate "2003.04.28"]
[SourceQuality "1"]

1. e4 c5 2. Nf3 d6 3. d4 cxd4 4. Nxd4 Nf6 5. Nc3 a6 6. Bc4 Nbd7 7. Bg5 Qa5 8. Qd2 e6 9. 0-0 Be7 10. Rad1 Ne5 11. Be2 Bd7 12. Bxf6 gxf6 13. Kh1 h5 14. f4 Ng4 15. Bc4 Qc5 16. Bb3 0-0-0 17. h3 Kb8 18. hxg4 hxg4+ 19. Kg1 g3 20. Rf3 Rdg8 21. Qe3 Bd8 22. Rd3 Bb6 23. Rxg3 e5 24. Rxg8+ Rxg8 25. Nd5 exd4 26. Nxb6 Qxb6 27. Qxd4 Qxd4+ 28. Rxd4 Kc7 29. Bxf7 Rg7 30. Bd5 1-0

[Event "IECG CM.2001.0.00130"]
[Site "IECG email"]
[Date "2001.01.28"]
[Round "?"]
[White "Makovsky, Petr"]
[Black "Chu, Joel P"]
[Result "1-0"]
[WhiteElo "2254"]
[BlackElo "2200"]
[PlyCount "57"]
[EventDate "2001.01.28"]
[EventType "tourn (corr)"]
[EventRounds "6"]
[SourceTitle "Corr 2008"]
[Source "ChessBase"]
[SourceDate "2008.06.24"]
[SourceVersion "1"]
[SourceVersionDate "2008.06.24"]
[SourceQuality "1"]

1. e4 c5 2. Nf3 d6 3. d4 cxd4 4. Nxd4 Nf6 5. Nc3 a6 6. Be2 e6 7. 0-0 Nbd7 8. a4 b6 9. f4 Bb7 10. Bf3 Qc7 11. Qe2 Rb8 12. Be3 Be7 13. g4 Nc5 14. Qg2 Rd8 15. g5 Ng8 16. Rad1 Bf8 17. Qh3 Ne7 18. b4 h6 19. bxc5 bxc5 20. Nxe6 fxe6 21. Qxe6 hxg5 22. fxg5 Bc8 23. Nd5 Qb7 24. Bh5+ Rxh5 25. Rxf8+ Kxf8 26. Rf1+ Ke8 27. Qf7+ Kd7 28. Qxe7+ Kc6 29. Qxd8 1-0

[Event "SEMI Poker theme C02.05 email"]
[Site "SEMI email"]
[Date "2001.01.15"]
[Round "?"]
[White "Chu, Joel P"]
[Black "Van Rooijen, Peter"]
[Result "0-1"]
[WhiteElo "2200"]
[BlackElo "1850"]
[PlyCount "24"]
[EventDate "2001.01.15"]
[EventType "tourn (corr)"]
[EventRounds "6"]
[EventCountry "ITA"]
[SourceTitle "Corr 2008"]
[Source "ChessBase"]
[SourceDate "2008.06.24"]
[SourceVersion "1"]
[SourceVersionDate "2008.06.24"]
[SourceQuality "1"]

1. e4 e6 2. d4 d5 3. e5 c5 4. Nf3 Nc6 5. c3 Qb6 6. Bd3 cxd4 7. cxd4 Bd7 8. Nc3 Nxd4 9. 0-0 Nxf3+ 10. Qxf3 Ne7 11. Be3 Qxb2 12. Nb5 Bxb5 0-1

[Event "SEMI Poker theme C02.05 email"]
[Site "SEMI email"]
[Date "2001.01.15"]
[Round "?"]
[White "Van Rooijen, Peter"]
[Black "Chu, Joel P"]
[Result "1-0"]
[WhiteElo "1850"]
[BlackElo "2200"]
[PlyCount "21"]
[EventDate "2001.01.15"]
[EventType "tourn (corr)"]
[EventRounds "6"]
[EventCountry "ITA"]
[SourceTitle "Corr 2008"]
[Source "ChessBase"]
[SourceDate "2008.06.24"]
[SourceVersion "1"]
[SourceVersionDate "2008.06.24"]
[SourceQuality "1"]

1. e4 e6 2. d4 d5 3. e5 c5 4. Nf3 Nc6 5. Bd3 cxd4 6. 0-0 Bd7 7. Bf4 Qb6 8. Nbd2 Rc8 9. Nb3 Nge7 10. Bg3 g6 11. a4 1-0

[Event "Master Chess Tourn 1st email"]
[Site "Eclipse email"]
[Date "2000.05.20"]
[Round "7"]
[White "Chu, Joel P"]
[Black "Poleschi, Ricardo D"]
[Result "0-1"]
[WhiteElo "2200"]
[BlackElo "2322"]
[PlyCount "68"]
[EventDate "2000.??.??"]
[EventType "tourn (corr)"]
[EventRounds "12"]
[SourceTitle "Corr 2004"]
[Source "ChessBase"]
[SourceDate "2003.04.28"]
[SourceVersion "3"]
[SourceVersionDate "2003.04.28"]
[SourceQuality "1"]

1. d4 Nf6 2. Nf3 e6 3. Bg5 c5 4. Bxf6 Qxf6 5. c3 d5 6. Nbd2 Nc6 7. e3 Bd6 8. Bd3 cxd4 9. exd4 Bd7 10. Qe2 0-0 11. 0-0-0 Rfc8 12. Kb1 a6 13. Rde1 Na5 14. Bc2 Bb5 15. Qd1 Nc4 16. h4 a5 17. Nxc4 Bxc4 18. Rh3 h6 19. g4 Qf4 20. g5 a4 21. gxh6 Qxh6 22. Ng5 Rc7 23. Qg4 a3 24. b3 Bb5 25. f4 Re8 26. Rg3 Bd7 27. Reg1 f5 28. Qf3 Rec8 29. Nxe6 Bxe6 30. Rg6 Qxg6 31. Rxg6 Rxc3 32. Qe2 Rxc2 33. Qxe6+ Kh7 34. Rg1 Rb2+ 0-1

[Event "Master Chess Tourn 1st email"]
[Site "Eclipse email"]
[Date "2000.05.20"]
[Round "11"]
[White "Valeinis, Janis"]
[Black "Chu, Joel P"]
[Result "1-0"]
[WhiteElo "2261"]
[BlackElo "2200"]
[PlyCount "45"]
[EventDate "2000.??.??"]
[EventType "tourn (corr)"]
[EventRounds "12"]
[SourceTitle "Corr 2004"]
[Source "ChessBase"]
[SourceDate "2003.04.28"]
[SourceVersion "3"]
[SourceVersionDate "2003.04.28"]
[SourceQuality "1"]

1. d4 Nf6 2. c4 g6 3. g3 Bg7 4. Bg2 d6 5. Nf3 0-0 6. 0-0 Nbd7 7. Nc3 e5 8. h3 c6 9. e4 Qb6 10. c5 dxc5 11. dxe5 Ne8 12. Be3 Qxb2 13. Na4 Qb5 14. Rb1 Qa5 15. Qc2 b6 16. Nd2 Ba6 17. f4 Nc7 18. Rfd1 Rad8 19. Nf3 Bb5 20. Nc3 Na6 21. Nxb5 cxb5 22. Rd6 Nab8 23. Bd2 1-0

[Event "Master Chess Tourn 1st email"]
[Site "Eclipse email"]
[Date "2000.05.20"]
[Round "9"]
[White "Viola, Matteo"]
[Black "Chu, Joel P"]
[Result "1-0"]
[WhiteElo "2295"]
[BlackElo "2200"]
[PlyCount "65"]
[EventDate "2000.??.??"]
[EventType "tourn (corr)"]
[EventRounds "12"]
[SourceTitle "Corr 2004"]
[Source "ChessBase"]
[SourceDate "2003.04.28"]
[SourceVersion "3"]
[SourceVersionDate "2003.04.28"]
[SourceQuality "1"]

1. d4 Nf6 2. Nc3 e6 3. e4 d5 4. e5 Ng8 5. f4 a6 6. Nf3 c5 7. Be3 cxd4 8. Nxd4 g6 9. Be2 Bd7 10. Qd2 Ne7 11. 0-0 h5 12. Nb3 Nf5 13. Bf2 Qc7 14. a4 b6 15. Bf3 Bc6 16. Ne2 Nd7 17. Nbd4 Bb7 18. Nxf5 gxf5 19. Bh4 Be7 20. Bxe7 Kxe7 21. Nd4 h4 22. Rfd1 Rac8 23. c4 dxc4 24. Nxe6 fxe6 25. Qd6+ Kd8 26. Qxe6 Rf8 27. Rxd7+ Qxd7 28. Rd1 Qxd1+ 29. Bxd1 Rc6 30. Qd5+ Ke7 31. Bh5 Ba8 32. a5 Rh6 33. Qxc4 1-0

[Event "SEMI ECT 4-A email"]
[Site "SEMI email"]
[Date "2000.??.??"]
[Round "?"]
[White "Chu, Joel P"]
[Black "Hanegby, Avigdor"]
[Result "0-1"]
[WhiteElo "2200"]
[BlackElo "2050"]
[PlyCount "102"]
[EventDate "2000.04.??"]
[EventType "tourn (corr)"]
[EventRounds "8"]
[EventCountry "ITA"]
[SourceTitle "Corr 2008"]
[Source "ChessBase"]
[SourceDate "2008.06.24"]
[SourceVersion "1"]
[SourceVersionDate "2008.06.24"]
[SourceQuality "1"]

1. e4 g6 2. d4 Bg7 3. Nc3 c6 4. Bc4 d6 5. Be3 Nf6 6. f3 d5 7. exd5 Nxd5 8. Nxd5 cxd5 9. Bb3 Nc6 10. Qd2 0-0 11. Ne2 Na5 12. h4 Nxb3 13. axb3 h5 14. Bh6 Bf5 15. Bf4 Qb6 16. Be3 Rfc8 17. Nc3 Qc6 18. 0-0 b5 19. Rac1 a5 20. Qe2 Rcb8 21. g4 Bc8 22. Rf2 b4 23. Na4 Qf6 24. gxh5 gxh5 25. Rg2 Bf5 26. Nc5 Qxh4 27. Rh2 Qg3+ 28. Kh1 Bg6 29. Rg1 Qd6 30. Qg2 e5 31. c3 exd4 32. cxd4 Re8 33. Qd2 Qf6 34. Rg3 Ra7 35. Nd3 h4 36. Rgh3 Bf5 37. Ne5 Bxh3 38. Rxh3 Qf5 39. Qg2 Rc7 40. Rxh4 Rc2 41. Qg3 Rxb2 42. Bg1 Rxb3 43. Rg4 Qf6 44. Rf4 Qh6+ 45. Rh4 Qe6 46. Rf4 Rc8 47. Rg4 Kf8 48. Rf4 Rb1 49. Nxf7 Ke7 50. Ne5 Qh6+ 51. Kg2 Rc2+ 0-1

[Event "SEMI ECT 4-A email"]
[Site "SEMI email"]
[Date "2000.??.??"]
[Round "?"]
[White "Scarani, Antonio"]
[Black "Chu, Joel P"]
[Result "1-0"]
[WhiteElo "2045"]
[BlackElo "2200"]
[PlyCount "89"]
[EventDate "2000.04.??"]
[EventType "tourn (corr)"]
[EventRounds "8"]
[EventCountry "ITA"]
[SourceTitle "Corr 2008"]
[Source "ChessBase"]
[SourceDate "2008.06.24"]
[SourceVersion "1"]
[SourceVersionDate "2008.06.24"]
[SourceQuality "1"]

1. d4 Nf6 2. c4 c5 3. d5 e6 4. Nc3 exd5 5. cxd5 d6 6. Nf3 g6 7. g3 Bg7 8. Bg2 0-0 9. 0-0 Qe7 10. Re1 a6 11. a4 Nbd7 12. e4 Ng4 13. Bg5 f6 14. Bf4 g5 15. Bd2 Rb8 16. Nh4 gxh4 17. Qxg4 hxg3 18. Qxg3 Kh8 19. Qh4 Ne5 20. b3 Rg8 21. Rf1 Nf3+ 22. Bxf3 Bh6+ 23. Kh1 Bxd2 24. Ne2 Bg5 25. Qh5 Rg6 26. Bg2 Rh6 27. Qf3 Bd7 28. Qc3 Rh4 29. f4 Bh6 30. Qe1 f5 31. e5 Rg8 32. Ra2 Rg6 33. e6 Be8 34. b4 cxb4 35. Qxb4 Rgg4 36. Ra3 b5 37. Bh3 Rg8 38. Bxf5 Rf8 39. Bd3 Rxh2+ 40. Kxh2 Qh4+ 41. Kg2 Rg8+ 42. Kf3 Qh3+ 43. Kf2 Qh4+ 44. Ke3 Qh3+ 45. Rf3 1-0